000 00282nam a22001217a 4500
008 170621b xxu||||| |||| 00| 0 eng d
041 _aeng
080 _a32
100 _a20
101 _ashp
245 _aNTONIO GRAMSCI ARCHITECT OF NEW POLITICS
_cGERMINO.D
942 _2udc
_cBK
999 _c18524
_d18524